Vision : (Record no. 119780)
[ view plain ]
| 000 -LEADER | |
|---|---|
| fixed length control field | 01279cam a22003254a 4500 |
| 001 - CONTROL NUMBER | |
| control field | 13322543 |
| 003 - CONTROL NUMBER IDENTIFIER | |
| control field | ARRUPE |
| 005 - DATE AND TIME OF LATEST TRANSACTION | |
| control field | 20140130134736.0 |
| 008 - FIXED-LENGTH DATA ELEMENTS--GENERAL INFORMATION | |
| fixed length control field | 030825s2004 mnua b 011 0 eng |
| 010 ## - LIBRARY OF CONGRESS CONTROL NUMBER | |
| LC control number | 2003018927 |
| 020 ## - INTERNATIONAL STANDARD BOOK NUMBER | |
| International Standard Book Number | 0814629431 (alk. paper) |
| 040 ## - CATALOGING SOURCE | |
| Original cataloging agency | DLC |
| Transcribing agency | DLC |
| Modifying agency | DLC |
| 042 ## - AUTHENTICATION CODE | |
| Authentication code | pcc |
| 050 00 - LIBRARY OF CONGRESS CALL NUMBER | |
| Classification number | BX1970 |
| Item number | .V545 2004 |
| 082 00 - DEWEY DECIMAL CLASSIFICATION NUMBER | |
| Classification number | 264/.02 |
| Edition number | 22 |
| 300 ## - PHYSICAL DESCRIPTION | |
| Other physical details | ill. ; |
| Dimensions | 23 cm. |
| 100 ## - MAIN ENTRY--PERSONAL NAME | |
| Personal name | Searle, Mark, |
| 9 (RLIN) | 7341 |
| 245 00 - TITLE STATEMENT | |
| Title | Vision : |
| Remainder of title | the scholarly contributions of Mark Searle to liturgical renewal / |
| Statement of responsibility, etc | Anne Y. Koester and Barbara Searle, editors. |
| 260 ## - PUBLICATION, DISTRIBUTION, ETC. (IMPRINT) | |
| Place of publication, distribution, etc | Collegeville, Minn. : |
| Name of publisher, distributor, etc | Liturgical Press, |
| Date of publication, distribution, etc | c2004. |
| 300 ## - PHYSICAL DESCRIPTION | |
| Extent | xvii, 270 p.: |
| 504 ## - BIBLIOGRAPHY, ETC. NOTE | |
| Bibliography, etc | Includes bibliographical references (p. 259-267) and index. |
| 610 20 - SUBJECT ADDED ENTRY--CORPORATE NAME | |
| Corporate name or jurisdiction name as entry element | Catholic Church |
| General subdivision | Liturgy. |
| 9 (RLIN) | 7342 |
| 650 #0 - SUBJECT ADDED ENTRY--TOPICAL TERM | |
| Topical term or geographic name as entry element | Church renewal |
| General subdivision | Catholic Church. |
| 9 (RLIN) | 7343 |
| 700 1# - ADDED ENTRY--PERSONAL NAME | |
| Personal name | Searle, Mark, |
| Dates associated with a name | 1941-1992. |
| 9 (RLIN) | 7344 |
| 700 1# - ADDED ENTRY--PERSONAL NAME | |
| Personal name | Koester, Anne Y. |
| 9 (RLIN) | 7345 |
| 700 1# - ADDED ENTRY--PERSONAL NAME | |
| Personal name | Searle, Barbara Schmich. |
| 9 (RLIN) | 7346 |
| 856 41 - ELECTRONIC LOCATION AND ACCESS | |
| Materials specified | Table of contents |
| Uniform Resource Identifier | <a href="http://www.loc.gov/catdir/toc/ecip048/2003018927.html">http://www.loc.gov/catdir/toc/ecip048/2003018927.html</a> |
| 906 ## - LOCAL DATA ELEMENT F, LDF (RLIN) | |
| a | 7 |
| b | cbc |
| c | orignew |
| d | 1 |
| e | ecip |
| f | 20 |
| g | y-gencatlg |
| 942 ## - ADDED ENTRY ELEMENTS (KOHA) | |
| Source of classification or shelving scheme | Library of Congress Classification |
| Koha item type | Monograph ( Printed materials) |
| Withdrawn status | Lost status | Source of classification or shelving scheme | Damaged status | Not for loan | Collection code | Home library | Current library | Shelving location | Date acquired | Total Checkouts | Full call number | Barcode | Date last seen | Price effective from | Koha item type |
|---|---|---|---|---|---|---|---|---|---|---|---|---|---|---|---|
| Library of Congress Classification | Main Collection | ARRUPE LIBRARY | ARRUPE LIBRARY | Main Collection | 30/01/2014 | BX1970 .V545 2004 | 464123491 | 24/01/2017 | 30/01/2014 | Monograph ( Printed materials) |